| 000 | 00742nam a22001937a 4500 | ||
|---|---|---|---|
| 999 |
_c58683 _d58683 |
||
| 003 | Ge_BSU | ||
| 005 | 20220628134446.0 | ||
| 008 | 220628s2017 ge ||||| |||| 00| 0 geo d | ||
| 020 | _a2000000090092 | ||
| 041 | _ageo | ||
| 080 | _a912(479.22) ს-32 | ||
| 245 |
_aსაქართველო : _bფიზიკური რუკა / _cრედაქტორი ნოდარ ფეიქრიშვილი. |
||
| 264 |
_aთბილისი : _b''გეოიდი 2011'', _c2017. |
||
| 300 | _a1:600 000 | ||
| 653 | _aსაქართველო | ||
| 653 | _aფიზიკური რუკა | ||
| 700 |
_aფეიქრიშვილი, ნოდარ _eრედაქტორი _914240 |
||
| 942 |
_2udc _cMP |
||